1424 1891 1228 1869 1412 1356 1440 1767 1351 1581 1580 1641 1814 1804 1125 1876 1496 1513 1357 1393 1681 1169 1297 1783 1862 1556 1287 1897 1047 1362 1114 1723 1005 1336 1619 1132 1478 1421 1238 1423 1567 1542 1176 1956 1139 1397 1556 1864 1357 1926 1929 1275 1359 1181 1901 1698 1584 1322 1678 1986 1595 1070 1503 1713 1134 1835 1696 1470 1806 1653 1256 1173 1589 1601 1772 1084 1969 1518 1090 1331 1869 1288 1276 1619 1409 1788 1621 1505 1457 1478 1692 1596 1718 1132 1344 1033 1630 1777 1079 BCNSPRNW ULIB Ver.6.0+V

เปลี่ยนเป็นภาษาไทย

Change to English
 แสดงรายละเอียดบรรณานุกรม
  กลับหน้าหลัก

Brief Record : Get Marc (ISO 2709) : E-mail record : QR code < ปิดหน้าต่าง
LEADER : 00000nam 2200000uu 4500
001    13399111472
003     ULIB
008    110628s2550||||th 000 0 tha d
020    9789749713730
060 04 QV744^bว825ค 2550
100 0  วีรชัย พุทธวงศ์
245 10 เคมีทางยา :^bทฤษฎี โครงสร้าง กลไกปฏิกิริยา =^bMedicinalchemistry : theories structure reaction mechanism /^cวีรชัย พุทธวงศ์, วยา เส็งประชา
246 31 Medicinal chemistry : theories structure reactionmechanism
250    พิมพ์ครั้งที่ 1
260    กรุงเทพฯ :^bโอเดียนสโตร์,^c2550
300    [7], 327 หน้า :^bภาพประกอบ ;^c24 ซม.
504    มีบรรณานุกรมและดัชนี
650  7 ยา^xเคมีวิเคราะห์
650  7 เภสัชเคมี
700 0  วยา เส็งประชา
945    ^p220^l0^i14291
995    กัณชพร
999    ^aใช้งานได้ทุกระบบ
รายการนี้ยังไม่มีแท็ก
คุณยังไม่ได้ล็อกอิน คุณสามารถมีกิจกรรมร่วมกับเว็บไซต์ได้ แต่ต้องล็อกอินก่อน ::
  ล็อกอิน

รายการสื่อสารสนเทศ

ลำดับที่ ประเภท เลขเรียก/บาร์โค้ด สถานที่ สถานะ
1. วิทยาศาสตร์การแพทย์ และสุขภาพ
วิทยาศาสตร์การแพทย์ และสุขภาพ
QV744 ว825ค 2550  
  Barcode: 14291
ห้องสมุดวิทยาเขตสวรรค์ประชารักษ์
►ส่วนจัดเก็บหนังสือเก่า สปร
บนชั้น
  ขอยืม

BibComment


ยังไม่เคยถูกคอมเมนท์

คอมเมนท์ทรัพยากรรายการนี้
  คอมเมนท์: เคมีทางยา ทฤษฎี ..


 Copyright 2026. Bcnsprnw @Library